000 00375nam a22001577a 4500
003 MPLRDC
005 20220104124341.0
008 210129b ||||| |||| 00| 0 eng d
082 _a520.9386 LLY-6 c.2*
100 _a林连玉著
245 _a杂锦集
_c
260 _a
_b林连玉基金委员会
_c1986
300 _b
650 _a
942 _cBK
_o520.9386 LLY-6 c.2*
999 _c18639
_d18629